000 00606nam a2200229Ia 4500
001 235
005 20251203123020.0
008 251203t1992||||xx |||||||||||||| ||spa||
020 _a8477645930
041 _aESP
082 _aRO 920
_bO28
110 _aOcéano
245 0 _aGrandes biografías :
_bVolúmenes 1-4
260 _aBarcelona :
_bEdiciones Océano,
_c1992
300 _a191 páginas :
_b ilustraciones, fotografías ;
_c 26 cm.
_e
440 _a
_n
_v
650 _aGEH
653 _aBiografías; Colección
654 _aCTP
700 _aGispert, Carlos,
_cDIR
942 _cLIB
_dJUS
_fMAT
_2ddc
_n
999 _c235
_d235